De Voornaamste Gewallen van den Wonderlyken Don Quichot (Record no. 2906)

MARC details
000 -CABECERA
campo de control de longitud fija 02325nam a2200349 a 4500
001 - NÚMERO DE CONTROL
campo de control BRCA_3170
005 - FECHA Y HORA DE LA ÚLTIMA TRANSACCIÓN
campo de control 20190320204138.0
008 - DATOS DE LONGITUD FIJA--INFORMACIÓN GENERAL
campo de control de longitud fija 120209s1746----ne-a---###---#000-0ddut-u
041 ## - CÓDIGO DE LENGUA
Código de lengua del texto/banda sonora o título independiente dut
044 ## - CÓDIGO DEL PAÍS DE LA ENTIDAD EDITORA/PRODUCTORA
Código MARC del país ne
084 ## - OTRO NÚMERO DE CLASIFICACIÓN
Número de clasificación 473
Número de documento/Ítem .H67
-- 1746
100 1# - ENTRADA PRINCIPAL--NOMBRE DE PERSONA
Nombre de persona Cervantes Saavedra, Miguel de
Fechas asociadas al nombre 1547-1616
9 (RLIN) 213
245 10 - MENCIÓN DE TÍTULO
Título De Voornaamste Gewallen van den Wonderlyken Don Quichot
Mención de responsabilidad, etc. M. de Cervantes Saavedra.
260 ## - PUBLICACIÓN, DISTRIBUCIÓN, ETC.
Lugar de publicación, distribución, etc. Hage (Alemania)
Nombre del editor, distribuidor, etc. Pieter de Hondt
Fecha de publicación, distribución, etc. 1746
300 ## - DESCRIPCIÓN FÍSICA
Extensión 1 v. (en varias paginaciones)
Otras características físicas il.
Dimensiones 29 cm.
500 ## - NOTA GENERAL
Nota general Contenido : Primera parte. Vida de Cervantes resumen de la escrita por Mayáns, por J. Campo Wyerman. Composición política. Láminas con el texto explicativo de las mismas. Texto. Segunda parte. Texto
500 ## - NOTA GENERAL
Nota general Edición : Door den Beroemden Picart dem Romein en Andere Voornaame Meesters in XXXI Kunstplaate, na de Uitmuntende Schilderyen van Coypel, in´t Koper Gebragt. Beschreeven op Een´vryen en Vrolyken Trant, Door Jacob Campo Wyerman. En Door den Zelfden met Gedichten ter Verklaaring van Iendere Kunftprint en het Leeven van M. de Cervantes Saavedra
500 ## - NOTA GENERAL
Nota general Son las prncipales aventuras del admirable Don Quijote, pintadas por el renombradon Picart el Romano y otros principales maestros, en 31 estampas..., conforme el texto de Jacobo Campo Weyerman, y los argumentos en verso, con la explicación de cada lámina, y añadida la vida de Cervantes. Las leyendas que explican las láminas están redactadas en francés. Las 31 láminas componen la misma colección publicada en 1746 con el texto francés. Hermosa edición, espléndidamente impresa con buenos tipos. Pergamino Lúdovik Osterc
500 ## - NOTA GENERAL
Nota general QMB94
546 ## - NOTA DE LENGUA/LENGUAJE
Nota de lengua/lenguaje Texto en : holandés
650 14 - PUNTO DE ACCESO ADICIONAL DE MATERIA--TÉRMINO DE MATERIA
Término de materia o nombre geográfico como elemento de entrada Novela española
Subdivisión cronológica Época clásica, 1500-1700
9 (RLIN) 215
650 14 - PUNTO DE ACCESO ADICIONAL DE MATERIA--TÉRMINO DE MATERIA
Término de materia o nombre geográfico como elemento de entrada Literatura española
Subdivisión cronológica Época clásica, 1500-1700
9 (RLIN) 216
650 14 - PUNTO DE ACCESO ADICIONAL DE MATERIA--TÉRMINO DE MATERIA
Término de materia o nombre geográfico como elemento de entrada Novela española
Subdivisión cronológica Siglo XVII
9 (RLIN) 217
650 14 - PUNTO DE ACCESO ADICIONAL DE MATERIA--TÉRMINO DE MATERIA
Término de materia o nombre geográfico como elemento de entrada Don Quijote (Personaje ficticio)
Término indicativo de función/relación Novela
9 (RLIN) 218
700 1# - PUNTO DE ACCESO ADICIONAL--NOMBRE DE PERSONA
Nombre de persona Picart Le Romain, Bernard
Fechas asociadas al nombre 1673-1733
Término indicativo de función/relación Ilustrador
9 (RLIN) 8533
700 1# - PUNTO DE ACCESO ADICIONAL--NOMBRE DE PERSONA
Nombre de persona Coypel, Charles-Antone
Fechas asociadas al nombre 1694-1752
Término indicativo de función/relación Ilustrador
9 (RLIN) 8534
700 1# - PUNTO DE ACCESO ADICIONAL--NOMBRE DE PERSONA
Nombre de persona Mayans I. Siscar, Gregorio
Fechas asociadas al nombre 1699-1781
Término indicativo de función/relación Biógrafo
9 (RLIN) 8535
700 1# - PUNTO DE ACCESO ADICIONAL--NOMBRE DE PERSONA
Nombre de persona Campo Weyerman, Jacobo
Fechas asociadas al nombre 1677-1747
Término indicativo de función/relación Traductor
9 (RLIN) 8536
740 0# - PUNTO DE ACCESO ADICIONAL--TÍTULO RELACIONADO O ANALÍTICO NO CONTROLADO
Título relacionado o analítico no controlado El Ingenioso Hidalgo Don Quijote de la Mancha
902 ## - CATALOGADOR
Iniciales QFM
942 ## - ELEMENTOS DE PUNTO DE ACCESO ADICIONAL (KOHA)
Fuente del sistema de clasificación o colocación Library of Congress Classification
Tipo de ítem Koha Libros
Holdings
Estado de retiro Estado de pérdida Estado dañado No para préstamo Localización permanente Ubicación/localización actual Fecha de adquisición Número de inventario Total de préstamos Signatura topográfica completa Código de barras Fecha visto por última vez Precio válido a partir de Tipo de ítem Koha
El ejemplar forma parte de la colección y puede ser consultado según las políticas vigentes.       Biblioteca del Museo Franz Mayer (Rogerio Casas-Alatriste) Biblioteca del Museo Franz Mayer (Rogerio Casas-Alatriste) 12/02/2009 QMB94   473 .H67 1746 (QMB94) 3167 22/03/2019 22/03/2019 Libros